[Event "Guaira op 1st"]
[Site "Guaira"]
[Date "2015.10.03"]
[Round "1"]
[White "Martins Teles, Ricardo"]
[Black "Rezende, Paulo Aparecido"]
[Result "0-1"]
[WhiteElo "1800"]
[BlackElo "1831"]
[PlyCount "56"]
[EventDate "2015.10.03"]
[EventType "swiss"]
[EventRounds "5"]
[EventCountry "BRA"]
[SourceTitle "CBM 168 Extra"]
[Source "ChessBase"]
[SourceDate "2015.10.29"]
[SourceVersion "1"]
[SourceVersionDate "2015.10.29"]
[SourceQuality "1"]

1. e4 e6 2. d4 d5 3. Nc3 Nf6 4. Bg5 Be7 5. Bxf6 Bxf6 6. e5 Be7 7. a3 c5 8. Nf3 Bd7 9. dxc5 Bxc5 10. b4 Be7 11. Bd3 Nc6 12. Ne2 Qc7 13. Bb5 Nxe5 14. Nxe5 Bxb5 15. Nf3 Bxe2 16. Qxe2 Qc3+ 17. Qd2 Qxa1+ 18. Qd1 Qxd1+ 19. Kxd1 Bf6 20. Re1 Ke7 21. Ne5 Bxe5 22. Rxe5 f6 23. Re2 Rac8 24. h4 Rc3 25. a4 Rhc8 26. Kc1 d4 27. Kb2 R8c4 28. b5 Rb4+ 0-1